Central Library OPAC University of Rajshahi
Normal view MARC view

Entry Personal Name

Number of records used in: 4

001 - CONTROL NUMBER

  • control field: 12111

003 - CONTROL NUMBER IDENTIFIER

  • control field: BD-RjUL

005 - DATE AND TIME OF LATEST TRANSACTION

  • control field: 20240306140948.0

008 - FIXED-LENGTH DATA ELEMENTS

  • fixed length control field: 240306|| aca||aabn | a|a d

040 ## - CATALOGING SOURCE

  • Original cataloging agency: BD-RjUL
  • Transcribing agency: BD-RjUL

100 ## - HEADING--PERSONAL NAME

  • Personal name: شبلي، محمد نعماني،
  • Dates associated with a name: 1858-1914

670 ## - SOURCE DATA FOUND

  • Source citation: Work cat.: (BD-RjUL)83254: شبلي، محمد نعماني، 1858-1914, مؤلف, سوانح مولانا روم /Swaneh Maulana Rum /